LEADER 01263nam a2200301 a 4500 001 000000128255 003 CaOOAMICUS 005 20120329102326.0 008 120329t2011 it d u000 u ita r 020 $a978-88-213-0810-9 040 $aPUL$bita 082 04$a344.45074 100 1 $aPellerey, Michele.$0(OLS)http://pul/name/81949 245 13$aIl sistema universitario italiano nel contesto europeo /$cMichele Pellerey. 260 $aRoma :$bLAS,$c2011. 300 $a144 p. :$bgrafici ;$c24 cm 490 1 $aItalia-Cina Educazione 650 4$aScienze dell'educazione.$0(OLS)http://pul/subject/10234 650 4$aUniversità$xLegislazione.$0(OLS)http://pul/subject/19744 830 0$aItalia-Cina Educazione.$0(OLS)http://pul/title/155266 850 $aPUL 852 $aPUL$W1$xSL Diritto e Scienze Sociali 3$y79$m344. 45074 PELMI 1$j148426$qDDC 21$B147034$CPULBib$Z2$F147034 $H118862 $82 941 1 $a9 996 $6020$a978-88-213-0810-9$9(OLS)http://pul/number/149349 996 $6082$a344.45074$9(OLS)http://pul/classification/2225 996 $6245$aIl sistema universitario italiano nel contesto europeo$9(OLS)http://pul/title/162065 996 $6260$aRoma :$bLAS$9(OLS)http://pul/publisher/48069 LEADER 01370nam a2200265 a 4500 001 000000162843 003 CaOOAMICUS 005 20170922101750.0 008 170922s1994 it m 001 u spa r 032 $aLibriCat 040 $aPUL$bita 100 1 $aZapata Díaz, Guillermo Alfonso,$cS.I.$0(OLS)http://pul/name/104528 245 10$aElementos para una ética de la razón hermnéutica en Paul Ricoeur :$bpretensión ética de la "ipseidad" /$cauctore Guillermo Alfonso Zapata Díaz. 260 $aRoma :$bPontificia Università Gregoriana,$c1994. 300 $a101 p. ;$c24 cm. 502 $aTesi -- Pontificia Universitas Gregoriana. Facultas philosophiae. 1994. 504 $aBibliografia in nota. 600 14$aRicoeur, Paul,$d1913-2005$xErmeneutica.$0(OLS)http://pul/subject/37198 710 2 $aPontificia Università Gregoriana.$bFacoltà di filosofia.$kTesi.$0(OLS)http://pul/name/82053 850 $aPUL 852 $aPUL$W1$xDP1 Tesi Pon. Univ. Gregoriana$y40$mTH PUG 4063$j186818$qTesi$B190061$CPULBib$Z2$F190061 $H72086 $82 941 1 $a16 996 $6245$aElementos para una ética de la razón hermnéutica en Paul Ricoeur :$bpretensión ética de la "ipseidad"$9(OLS)http://pul/title/202585 996 $6260$aRoma :$bPontificia Università Gregoriana$9(OLS)http://pul/publisher/47853